00648nam a2200193Ia 4500003000400000005001700004008004100021040000700062041000800069082001600077100004800093245009900141260001600240300000900256650002200265942001300287999001900300952013500319OSt20251030141848.0250729s2005 xx 000 0 und d cAL akan a372.25 LOKP aಲೋಕಾಪೂರ ಐ ಎ9223626 aಪ್ರೌಢ ಶಿಕ್ಶಣ ಹಾಗೂ ಶಿಕ್ಶಕನ ಕಾರ್ಯಗಳು aGadagc2005 a315p aEducation9223627 2ddccBED c236002d236002 00104070aALbALd2025-07-29eSchool Book Companyg120.00l0o372.25 LOKPpBED01321r2025-07-29 16:54:30v120.00w2025-07-29yBK